000 00582nam a22002057a 4500
001 84882
003 BD-RjUL
005 20250504161853.0
008 250504s1956 US a|||| e||| 00| 0 eng d
035 _a(BD-RjUL)84882
040 _aBD-RjUL
_beng
_cBD-RjUL
_dDLC
_eDLC
041 _aeng
082 _223
_a031
_bCOM 1956
245 _aComptons Pictured Encyclopedia and Fact-Index,
260 _aAmerica
_bF. E. Compoton & Company Chicago
_c1956
300 _a612 page,
_bill,
_c24 cm.
505 _aVolume-1, 2, 3, 4. 5, 6, 7, 8, 9, 10,
650 _2Encyclopedia
942 _2ddc
_cBK
999 _c84882
_d84882